Statistics for Квиз о Уједињеним Арапским Емиратима

Click here to take the quiz!

General Stats

  • This quiz has been taken 92 times
  • The average score is 11 of 20

Answer Stats

ОписОдговор% Correct
Највећи градДубаи
93%
Највиша зграда на светуБурџ {Калифа}
90%
Државе са којима се граничиСаудијска Арабија
90%
Главни градАбу Даби
88%
Званичан језикАрапски
85%
Државе са којима се граничиОман
83%
Најважнија извозна сировинаНафта
79%
Бурџ ел Араб је описан као једини ___ са седам звездица у светуХотел
70%
Залив на који УАЕ излазиПерсијски залив
68%
Држава од које је УАЕ добио независност 1971. годинеУједињено Краљевство
67%
Град изнад има трећи најпрометнији _______ на свету, испред су само Атланта и ПекингАеродром
60%
Дупло више становника чини емиграција из ове државе, него што има рођених ЕмираћанаИндија
49%
Врста птице са државног грбаСоко
38%
Титула коју користе владари појединачних емирата у унији (није емир)Шеик
33%
Државна валутаДирхам
26%
Муслиман који пије алкохол у УАЕ може бити кажњен са 80 ...Удараца бичем
23%
Популаран спорт у којем су некад учествовала деца, а данас роботиТрке {камила}
23%
Забавни парк ове марке аутомобила, може да се похвали најбржим ролеркостером на светуСвет {Ферарија}
20%
Тржни центар Емирата, је познат као једно од ретких места са затвореним _______ у светуСкијалиштем
18%
Трећи највећи градШарџа
5%

Score Distribution

Percentile by Number Answered

Percent of People with Each Score

Your Score History

You have not taken this quiz